000
00258nam a2200121Ia 4500
008
190216s9999||||xx |||||||||||||| ||und||
100
_a
Gurudeep Raj
245
0
_a
Phase Rule
260
_b
Goel Pub House
300
_a
208
650
_a
Chemistry
942
_c
BK
999
_c
3206
_d
3206